000 00772cam a2200265 4500
001 1562288
003 ARRUPE
005 20150907144940.0
008 750619s1964 enk b 001 0 eng
010 _a 64009220
035 _a(OCoLC)ocm01401232
040 _aDLC
_cMUB
_dSER
_dOCL
_dZCU
050 1 _aQ175
082 _a501
100 1 _aJoad, C. E. M.
_q(Cyril Edwin Mitchinson),
_d1891-1953.
_918642
245 1 0 _aPhilosophical aspects of modern science.
_cCyril Edwin Mitchinson Joad
260 _aLondon,
_bG. Allen & Unwin;
_c1963
300 _a272 p.
_c19 cm.
500 _a"U518."
504 _aBibliographical footnotes.
650 0 _aScience
_xPhilosophy.
_919399
650 0 _aPhilosophy, Modern.
_919400
942 _2lcc
_cMONOGRAPH
999 _c123264
_d123264